000 00704nam a2200241 a 4500
999 _c102364
_d102364
003 UPN
005 20240228063845.0
008 031015s2001 mx r 000 0 spa d
020 _a9684940998
035 _aUPN01000130207
040 _aUPN
_bspa
_cUPN
049 _aI
050 4 _aPZ71
_bD5.7
100 1 _aDíaz Eterovic, Ramón,
_d1956-
245 1 3 _aEl secuestro de Benito /
_cRamón Díaz Eterovic ; il. Sacha Gepner.
260 _aMéxico :
_bCIDCLI :
_bCNCA, Dirección General de Publicaciones,
_c2001.
300 _a35 p. :
_bil.
440 0 _aEnCuento
650 4 _aCuentos infantiles
_96744
650 4 _aLibros y lectura para niños
_92290
905 _aInfantil
942 _2lcc
_cLIBRO